[Event "Let's Play Chess!"]
[Site "http://www.queenalice.com/game.php?id=1476595"]
[Date "2017.5.6"]
[Round "-"]
[White "Amarildo"]
[Black "Rider"]
[Result "0-1"]
[WhiteElo "1470"]
[BlackElo "1643"]

1. e4 e5 2. Bc4 Qf6 3. d4 exd4 4. Nf3 c5 5. Bg5 Qg6 6. Qd2 Qxe4+ 7. Be2 h6 8.
Bf4 d5 9. Qa5 b6 10. Qb5+ Bd7 11. Qb3 c4 12. Nfd2 Qxg2 13. Qf3 Qxf3 14. Bxf3 Bc6
15. Be5 Nd7 16. Bf4 Bc5 17. Nf1 g5 18. Bd2 Ne5 19. Bh5 Nf6 20. Be2 d3 21. cxd3
cxd3 22. Bd1 a5 23. Bb3 Nf3+ 24. Kd1 Bxf2 25. Be3 Bxe3 26. Nxe3 Ne5 27. Nc3 d4
28. Nf5 Bd7 0-1

[Event "Let's Play Chess!"]
[Site "http://www.queenalice.com/game.php?id=1476596"]
[Date "2017.5.6"]
[Round "-"]
[White "Rider"]
[Black "Amarildo"]
[Result "1-0"]
[WhiteElo "1653"]
[BlackElo "1539"]

1. e4 e5 2. d4 Bb4+ 3. Nc3 exd4 4. Qxd4 Nc6 5. Qxg7 Nf6 6. Qxh8+ Bf8 7. Nd5 b6
8. Nxf6+ Ke7 9. Nd5+ Kd6 10. Qxh7 Qe8 11. Bf4+ Kc5 12. Nxc7 Kd4 13. Nxe8 Bb4+
14. c3+ Bxc3+ 15. bxc3+ Kxc3 16. e5 Bb7 17. Qd3+ Kb2 18. Qb1+ Kc3 19. Ne2+ Kc4
20. Nd6+ Kc5 21. Nxb7+ Kd5 22. Nc3+ Kd4 23. Nb5+ Kd5 24. Nc7+ Kd4 25. Qd3# 1-0

[Event "Let's Play Chess!"]
[Site "http://www.queenalice.com/game.php?id=1476819"]
[Date "2017.5.6"]
[Round "-"]
[White "chessplayer123"]
[Black "Amarildo"]
[Result "1-0"]
[WhiteElo "1896"]
[BlackElo "1576"]

1. e4 e5 2. Nf3 Bd6 3. Bc4 Qf6 4. d3 Nc6 5. c3 Qg6 6. Qe2 Nge7 7. Be3 Na5 8. Bb3
Nxb3 9. axb3 Qxg2 10. Rg1 Qh3 11. Nbd2 Qe6 12. Rxg7 Qf6 13. Rg1 Rg8 14. Rxg8+
Nxg8 15. Kd1 Qg6 16. Kc2 b6 17. Nc4 Nh6 18. Ncxe5 Qe6 19. Nc4 Ba6 20. Rxa6 Ng8
21. Nxd6+ Qxd6 22. Qd2 O-O-O 23. Rxa7 Kb8 24. Bf4 Qc6 25. Rxc7 Qf6 26. Rc6+ Kb7
27. Rxf6 1-0

[Event "AUTO-OPEN-3800"]
[Site "http://www.queenalice.com/game.php?id=1477551"]
[Date "2017.5.10"]
[Round "1"]
[White "ChessColossos"]
[Black "Amarildo"]
[Result "1-0"]
[WhiteElo "1800"]
[BlackElo "1457"]

1. e4 e5 2. Nf3 Nc6 3. d4 Bb4+ 4. c3 Bd6 5. d5 Na5 6. b4 b6 7. bxa5 bxa5 8. Bb5
Nf6 9. Bg5 Be7 10. Nxe5 Nxe4 11. Bxe7 Qxe7 12. O-O Rb8 13. Ba4 Qxe5 14. Re1 O-O
15. f3 Ba6 16. Bc2 Nf2 17. Rxe5 Nxd1 18. Bxd1 Rfe8 19. Rxe8+ Rxe8 20. Kf2 c6 21.
dxc6 dxc6 22. Nd2 g6 23. Ne4 f5 24. Nf6+ Kf8 25. Nxe8 Kxe8 26. Ba4 Kd7 27. Rd1+
Ke7 28. Bxc6 g5 29. Rd7+ Ke6 30. Rxa7 Bc8 31. Rxh7 1-0

[Event "AUTO-OPEN-3800"]
[Site "http://www.queenalice.com/game.php?id=1477552"]
[Date "2017.5.10"]
[Round "1"]
[White "Amarildo"]
[Black "ChessColossos"]
[Result "0-1"]
[WhiteElo "1508"]
[BlackElo "1800"]

1. e4 e5 2. Bc4 Bc5 3. Qf3 Nf6 4. Ne2 d6 5. b3 Bg4 6. Qg3 Qd7 7. h3 Nxe4 8. Qd3
Bxf2+ 9. Kf1 Bxe2+ 10. Qxe2 Ng3+ 11. Kxf2 Nxe2 12. Kxe2 b5 13. Bd3 Qc6 14. Rg1
Nd7 15. c4 bxc4 16. Bxc4 d5 17. Bd3 e4 18. Bc2 Qxc2 19. Na3 Qd3+ 20. Kf2 Qd4+
21. Kf1 Qxa1 22. Kf2 Qxa2 23. Ke2 Qxb3 24. Kf2 Ne5 25. Ke2 Qd3+ 26. Ke1 Rb8 27.
Rf1 Nc4 0-1

[Event "AUTO-OPEN-3800"]
[Site "http://www.queenalice.com/game.php?id=1477573"]
[Date "2017.5.10"]
[Round "1"]
[White "sia"]
[Black "Amarildo"]
[Result "1-0"]
[WhiteElo "2108"]
[BlackElo "1472"]

1. e4 e5 2. d3 Nc6 3. Nf3 Bb4+ 4. Nc3 d6 5. Bd2 Bg4 6. Be2 Qf6 7. O-O Qg6 8. Nd5
Bh3 9. Nh4 O-O-O 10. Nxg6 fxg6 11. gxh3 Nf6 12. Nxb4 Nxb4 13. Bxb4 g5 14. Qd2 h5
15. Qxg5 Rhg8 16. Bxh5 Nh7 17. Qf5+ 1-0

[Event "AUTO-OPEN-3800"]
[Site "http://www.queenalice.com/game.php?id=1477574"]
[Date "2017.5.10"]
[Round "1"]
[White "Amarildo"]
[Black "sia"]
[Result "0-1"]
[WhiteElo "1474"]
[BlackElo "2107"]

1. e4 e5 2. Bc4 Nc6 3. Qh5 Qe7 4. d3 d6 5. Bg5 Nf6 6. Qf3 h6 7. Be3 Bg4 8. Qg3
Na5 9. Ne2 Nxc4 10. dxc4 Bxe2 11. Kxe2 Nxe4 12. Qf3 d5 13. Bc1 c6 14. Nc3 Nxc3+
15. Qxc3 d4 16. Qd3 Qc5 0-1

[Event "Let's Play Chess!"]
[Site "http://www.queenalice.com/game.php?id=1477599"]
[Date "2017.5.10"]
[Round "-"]
[White "knight576"]
[Black "Amarildo"]
[Result "1-0"]
[WhiteElo "2078"]
[BlackElo "1599"]

1. Nf3 e6 2. d4 Nc6 3. c4 Bb4+ 4. Bd2 Qe7 5. Nc3 d6 6. e4 e5 7. Nd5 Bxd2+ 8.
Qxd2 Qd7 9. h3 Nge7 10. Nxe7 Nxe7 11. dxe5 dxe5 12. Qxd7+ Bxd7 13. Nxe5 Nc6 14.
Nxd7 Kxd7 15. O-O-O+ Kc8 16. Bd3 Nb4 17. a3 Nxd3+ 18. Rxd3 b6 19. Rhd1 Kb7 20.
Rd7 Rab8 21. Rxf7 1-0

[Event "Let's Play Chess!"]
[Site "http://www.queenalice.com/game.php?id=1477707"]
[Date "2017.5.12"]
[Round "-"]
[White "fontaine"]
[Black "Amarildo"]
[Result "1-0"]
[WhiteElo "2666"]
[BlackElo "1510"]

1. e4 e5 2. f4 Bc5 3. Nf3 Qf6 4. fxe5 Qf4 5. Nc3 d6 6. d4 Qg4 7. dxc5 dxc5 8.
Nd5 Qd7 9. e6 fxe6 10. Ne5 Qd6 11. Qh5+ g6 12. Nxg6 exd5 13. Ne5+ Kd8 14. Nf7+
Kd7 15. Nxd6 cxd6 16. Qf7+ Kc6 17. Bf4 Na6 18. Qxd5+ Kb6 19. Qxd6+ Ka5 20. Bd2+
Ka4 21. b3+ Ka3 22. Bc1+ 1-0

[Event "Let's Play Chess!"]
[Site "http://www.queenalice.com/game.php?id=1478720"]
[Date "2017.5.19"]
[Round "-"]
[White "Amarildo"]
[Black "ketchuplover"]
[Result "0-1"]
[WhiteElo "1455"]
[BlackElo "1746"]

1. e4 c5 2. Bc4 e6 3. Nf3 Nc6 4. Qe2 Nd4 5. Nxd4 cxd4 6. d3 b6 7. Qf3 Bb7 8. Bd5
Bxd5 9. exd5 Nf6 10. dxe6 fxe6 11. Na3 Bxa3 12. bxa3 d5 13. O-O O-O 14. Qg3 Kh8
15. Qh3 Qd6 16. Bg5 Rac8 17. Bxf6 Rxf6 18. Rfe1 Rxc2 0-1

[Event "Let's Play Chess!"]
[Site "http://www.queenalice.com/game.php?id=1478922"]
[Date "2017.5.20"]
[Round "-"]
[White "igorjava"]
[Black "Amarildo"]
[Result "1-0"]
[WhiteElo "1955"]
[BlackElo "1461"]

1. e4 e5 2. f4 Bc5 3. Nf3 Qe7 4. fxe5 Bb6 5. d4 d6 6. Bg5 Qd7 7. c3 Ne7 8. Bc4
O-O 9. exd6 cxd6 10. O-O h6 11. Bh4 Qg4 12. Bxe7 Re8 13. Bxd6 Qg6 14. Bxb8 Rxb8
15. Ne5 1-0